000
00218 a2200097 4500
001
46764
100
_a
Jackson R
245
_a
Air heroes of world war II
260
_a
London
_b
Arthur barker
_c
090
_c
29858
_d
29858
942
_a
NUST-CAE
_c
M
_c
22066
999
_c
281837
_d
281837